The development of a value management approach for the Saudi public sector (Record no. 111070)
[ view plain ]
| 000 -LEADER | |
|---|---|
| fixed length control field | 00927cad a22002535a 4500 |
| 001 - CONTROL NUMBER | |
| control field | E150971 |
| 005 - DATE AND TIME OF LATEST TRANSACTION | |
| control field | 20251021145456.0 |
| 008 - FIXED-LENGTH DATA ELEMENTS--GENERAL INFORMATION | |
| fixed length control field | 100917s2009 xxk f 100 0 eng d |
| 020 ## - INTERNATIONAL STANDARD BOOK NUMBER | |
| International Standard Book Number | 9781842195192 |
| 035 ## - SYSTEM CONTROL NUMBER | |
| System control number | (Sirsi) u150971 |
| 041 0# - LANGUAGE CODE | |
| Language code of text/sound track or separate title | eng |
| 100 1# - MAIN ENTRY--PERSONAL NAME | |
| Personal name | Alalshikh, Mohammed Auda |
| 111 2# - MAIN ENTRY--MEETING NAME | |
| Meeting name or jurisdiction name as entry element | Construction and Building Research Conference |
| Location of meeting | University of Cape Town |
| Date of meeting or treaty signing | 10-11 September 2009 |
| 245 04 - TITLE STATEMENT | |
| Title | The development of a value management approach for the Saudi public sector |
| 260 ## - PUBLICATION, DISTRIBUTION, ETC. | |
| Place of publication, distribution, etc. | London |
| Name of publisher, distributor, etc. | RICS |
| Date of publication, distribution, etc. | 2009 |
| 500 ## - GENERAL NOTE | |
| General note | No copy available from the RICS library |
| 520 ## - SUMMARY, ETC. | |
| Summary, etc. | A paper presented at the COBRA Conference in Cape Town on 10-11 September 2009. |
| 590 ## - LOCAL NOTE (RLIN) | |
| Local note | KA |
| 650 24 - SUBJECT ADDED ENTRY--TOPICAL TERM | |
| Topical term or geographic name entry element | CONSTRUCTION AND BUILDING RESEARCH CONFERENCE (COBRA) |
| 651 #4 - SUBJECT ADDED ENTRY--GEOGRAPHIC NAME | |
| Geographic name | Saudi Arabia |
| 690 ## - LOCAL SUBJECT ADDED ENTRY--TOPICAL TERM (OCLC, RLIN) | |
| Topical term or geographic name as entry element | BUILT ENVIRONMENT-CONSTRUCTION MANAGEMENT-CONSTRUCTION VALUE MANAGEMENT |
| 700 1# - ADDED ENTRY--PERSONAL NAME | |
| Personal name | Male, Steven |
| 942 ## - ADDED ENTRY ELEMENTS (KOHA) | |
| Suppress in OPAC | 0 |
| Source of classification or shelving scheme | Dewey Decimal Classification |
| Withdrawn status | Lost status | Damaged status | Not for loan | Home library | Current library | Shelving location | Date acquired | Total Checkouts | Full call number | Barcode | Date last seen | Copy number | Price effective from | Koha item type |
|---|---|---|---|---|---|---|---|---|---|---|---|---|---|---|
| Virtual | Virtual | Missing | 17/09/2010 | ONLINE PUBLICATION | 150971-3001 | 06/08/2019 | 1 | 06/08/2019 | Online material |